000 00804nam a2200229 i 4500
001 bg
100 1 _aPUTZ, Barbara
245 1 0 _aMetody oceny gładkości powierzchni krzywoliniowych do zastosowań CAD/CAM /
_cBarbara Putz.
260 _aWarszawa :
_bOficyna Wydawnicza Politechniki Warszawskiej,
_c2002.
300 _a114, [1] s. :
_bil. ;
_c24 cm.
490 1 _aPrace Naukowe. Mechanika / Politechnika Warszawska,
_x0137-2335 ;
_vz. 195
500 _aStreszcz. ang.
504 _aBibliogr.
650 9 _aPowierzchnia
_xbadanie
_xmetody
650 9 _aProjektowanie
_xautomatyzacja
830 0 _aPrace Naukowe. Mechanika (Politechnika Warszawska) ;
_vz. 195
040 _cBPK
041 0 _apl
_ben
080 _a621.791/.795.001.13/.14
942 _cKS
008 s pl f |000 0 pol
999 _c42041
_d42041
856 _uhttp://koha.tu.koszalin.pl/cgi-bin/koha/opac-detail.pl?biblionumber=42041
_yKatalog online BPK